书目信息 |
| 题名: |
生物多样性教程
|
|
| 作者: | 克里施纳默西 著 ;张正旺 主译 | |
| 分册: | ||
| 出版信息: | 北京 化学工业出版社 2006 |
|
| 页数: | 225页 | |
| 开本: | 26cm | |
| 丛书名: | 国外名校名著 | |
| 单 册: | ||
| 中图分类: | Q16 | |
| 科图分类: | ||
| 主题词: | 生物多样性--教材 | |
| 电子资源: | ||
| ISBN: | 7-5025-7678-9 | |
| 000 | 01185nam0 2200313 450 | |
| 000 | 01191nam0 2200313 450 | |
| 000 | 01125nam0 2200289 450 | |
| 000 | 01089oam2 2200277 450 | |
| 005 | 20070515112014.18 | |
| 010 | @a7-5025-7678-9@dCNY36.00 | |
| 100 | @a20060926d2006 ekmy0chiy0120 ea | |
| 101 | 1 | @achi@cind |
| 102 | @aCN@b110000 | |
| 105 | @ay z 001yy | |
| 200 | 1 | @a生物多样性教程@Asheng wu duo yang xing jiao cheng@f(印) K. V·克里施纳默西(K. V. Krishnamurthy)著@g张正旺主译 |
| 210 | @a北京@c化学工业出版社@d2006 | |
| 215 | @a225页@d26cm | |
| 225 | 2 | @a国外名校名著 |
| 300 | @a生物工程专业系列教材 国外优秀科技著作出版专项基金资助 | |
| 320 | @a有索引 | |
| 330 | @a本书共分十一章,详细介绍了生物多样性的概念和范围、遗传多样性、物种多样性、农业生物多样性与栽培种、生态系统多样性、生物多样性的价值与用途、生物多样性的丧失、生物多样性的保护等。 | |
| 410 | 0 | @12001 @a国外名校名著 |
| 510 | 1 | @aTextbook of biodiversity@zeng |
| 606 | 0 | @a生物多样性@j教材 |
| 690 | @aQ16@v4 | |
| 701 | 1 | @a克里施纳默西@Ake li shi na mo xi@g(Krishnamurthy, K. V.)@4著 |
| 702 | 0 | @a张正旺@Azhang zheng wang@4主译 |
| 801 | 0 | @aCN@bTAOJIN@c20070515 |
| 905 | @a10447@dQ16@e113 | |
| 生物多样性教程/(印) K. V·克里施纳默西(K. V. Krishnamurthy)著/张正旺主译.-北京:化学工业出版社,2006 |
| 225页;26cm.-(国外名校名著) |
| 生物工程专业系列教材 国外优秀科技著作出版专项基金资助 |
| ISBN 7-5025-7678-9:CNY36.00 |
| 本书共分十一章,详细介绍了生物多样性的概念和范围、遗传多样性、物种多样性、农业生物多样性与栽培种、生态系统多样性、生物多样性的价值与用途、生物多样性的丧失、生物多样性的保护等。 |
| ● |
| 相关链接 |
|
|
|
|
正题名:生物多样性教程
索取号:Q16/113
 
预约/预借
| 序号 | 登录号 | 条形码 | 馆藏地/架位号 | 状态 | 备注 |
| 1 | 0520239 | 205202396 | 第二样本阅览室/ [索取号:Q16/113] | 在馆 | |
| 2 | 0520240 | 205202403 | 第三借阅区/ [索取号:Q16/113] | 在馆 | |
| 3 | 0520241 | 205202412 | 第三借阅区/ [索取号:Q16/113] | 在馆 | |
| 4 | 0520242 | 205202421 | 第三借阅区/ [索取号:Q16/113] | 在馆 | |
| 5 | 0520243 | 205202430 | 第三借阅区/ [索取号:Q16/113] | 在馆 | |
| 6 | 0520244 | 205202449 | 第三借阅区/ [索取号:Q16/113] | 在馆 | |
| 7 | 0520245 | 205202458 | 第三借阅区/ [索取号:Q16/113] | 在馆 | |
| 8 | 0520246 | 205202467 | 第三借阅区/ [索取号:Q16/113] | 在馆 |